Población y desarrollo local sustentable. Memorias
में बचाया:
| निगमित लेखक: | |
|---|---|
| स्वरूप: | अज्ञात |
| प्रकाशित: |
Cuenca :
|
| टैग: |
टैग जोड़ें
कोई टैग नहीं, इस रिकॉर्ड को टैग करने वाले पहले व्यक्ति बनें!
|
MARC
| LEADER | 00000 a2200000 04500 | ||
|---|---|---|---|
| 001 | 18231 | ||
| 003 | |||
| 008 | 991231s d | ||
| 040 | |||
| 090 | |a 142601 | ||
| 110 | |a Universidad de Cuenca. Instituto de Investigaciones Científicas. Departamento de Cultura | ||
| 245 | |a Población y desarrollo local sustentable. Memorias | ||
| 260 | |a Cuenca : | ||
| 300 | |a 184 p.; vol. 3 | ||
| 999 | |c 1720 |d 1720 | ||
